King Kunta - Kendrick Lamar lyrics - Statistics

General Stats
  • This quiz has been taken 25 times
  • The average score is 278 of 438
Answer Stats
Answer % Correct
go
100%
I
100%
in
100%
you
100%
You
100%
a
94%
A
94%
got
94%
King
94%
king
94%
Kunta,
94%
no
94%
the
94%
The
94%
walkin'?
94%
walkin'
94%
was
94%
when
94%
When
94%
world
94%
Bitch,
89%
Bitch
89%
but
89%
game,
89%
I'm
89%
it
89%
man
89%
Now
89%
run
89%
talkin'
89%
to
89%
where
89%
whole
89%
be
83%
black
83%
everybody
83%
my
83%
of
83%
rapper
83%
want
83%
with
83%
again
78%
bone
78%
don't
78%
him
78%
is
78%
mad
78%
monkey
78%
motherfuckers
78%
mouth
78%
on
78%
pick
78%
question
78%
Sittin'
78%
throne
78%
wanna
78%
yeah
78%
yeah,
78%
ain't
72%
cut
72%
legs
72%
losses,
72%
off
72%
one
72%
taking
72%
True
72%
What
72%
yam
72%
yams
72%
cell
67%
friends,
67%
fuck
67%
oh
67%
power
67%
stressin'
67%
that
67%
two
67%
can
61%
down
61%
nigga
61%
nigga!
61%
smell
61%
street
61%
tell,
61%
And
56%
and
56%
bottom
56%
bottom,
56%
bunk
56%
dig
56%
Like
56%
out
56%
rappin',
56%
some
56%
Then
56%
wouldn't
56%
bars
50%
couple
50%
did
50%
gonna
50%
happened?
50%
if
50%
If
50%
kill
50%
swore
50%
themselves
50%
they
50%
water
50%
what's
50%
back
44%
for
44%
ghostwriter?
44%
gold
44%
most
44%
motherfuckin'
44%
rather
44%
shit
44%
We
44%
y'all
44%
Ay,
39%
ay,
39%
Bill
39%
brown
39%
bum
39%
Clinton
39%
desires
39%
help
39%
I'd
39%
nose
39%
rappers,
39%
Richard
39%
screamin',
39%
Screamin',
39%
sharing
39%
Something's
39%
than
39%
time
39%
too
39%
Twenty
39%
twenty
39%
baby
33%
baller
33%
brought
33%
"Compton!"
33%
even
33%
five
33%
five,
33%
funk
33%
happenin'?
33%
hood,
33%
K-Dot
33%
need
33%
Pryor
33%
suicidal,
33%
your
33%
behind
28%
boo
28%
city,
28%
court
28%
enemy,
28%
Everybody's
28%
everybody's
28%
fat
28%
flag
28%
four
28%
jail
28%
judge
28%
Life
28%
made
28%
Manipulated
28%
past
28%
seven,
28%
vagina
28%
woo
28%
woo!
28%
"Annie,
22%
Annie,
22%
are
22%
conflicted,
22%
days
22%
elementary,
22%
gotta
22%
honest
22%
little
22%
mayor
22%
million
22%
misusing
22%
nappy
22%
okay?
22%
okay?"
22%
remember
22%
see
22%
shoot
22%
should
22%
sixty
22%
there
22%
This
22%
this
22%
three
22%
goat
17%
headed
17%
hear
17%
influence
17%
probably
17%
say...
17%
shall
17%
Stuck
17%
times
17%
tinted
17%
bounce
11%
By
11%
done,
11%
I'll
11%
Just
11%
left
11%
mamma
11%
next
11%
peasant
11%
pop
11%
prince
11%
put
11%
stage
11%
within
11%
Aw,
6%
buildin'
6%
contemplatin'
6%
from
6%
From
6%
gettin'
6%
identity
6%
Limo
6%
mammyfucker
6%
plates
6%
Straight
6%
beast
0%
belly
0%
CHORUS
0%
END OF CHORUS
0%
REST OF CHORUS
0%
No matching quizzes found
Score Distribution
Percent of People with Each Score
Percentile by Number Answered
Your Score History
You have not taken this quiz